Organización judicial (Record no. 46400)

MARC details
000 -LEADER
campo de control de longitud fija 00615nam a2200193 i 4500
001 - NÚMERO DE CONTROL
campo de control 46400
003 - IDENTIFICADOR DE NÚMERO DE CONTROL
campo de control ES-MaACL
005 - FECHA Y HORA DE LA ÚLTIMA TRANSACCIÓN
campo de control 20230906161357.0
007 - CAMPO FIJO DE DESCRIPCIÓN FÍSICA--INFORMACIÓN GENERAL
campo de control de longitud fija t|
008 - DATOS DE LONGITUD FIJA--INFORMACIÓN GENERAL
campo de control de longitud fija 030328s1970 sp ||||1| spa d
100 1# - ENTRADA PRINCIPAL--NOMBRE DE PERSONA
Nombre de persona Concepción, Roberto.
9 (RLIN) 40071
245 10 - MENCIÓN DEL TÍTULO
Título Organización judicial
Resto del título : Filipinas : [La judicatura filipina] /
Mención de responsabilidad, etc. por Roberto Concepción.
260 ## - PUBLICACIÓN, DISTRIBUCIÓN, ETC.
Lugar de publicación, distribución, etc. [Madrid] :
Nombre del editor, distribuidor, etc. Comisión General de la Codificación,
Fecha de publicación, distribución, etc. [1970]
300 ## - DESCRIPCIÓN FÍSICA
Extensión 70 p. ;
Dimensiones 24 cm.
490 1# - MENCIÓN DE SERIE
Mención de serie Cuadernos informativos
830 0# - PUNTO DE ACCESO ADICIONAL DE SERIE-TÍTULO UNIFORME
Título uniforme Cuadernos informativos
9 (RLIN) 182097
852 ## - LOCALIZACIÓN
Ubicación ES-MaACL
Número de control de estantería C-37975
Sublocalización o colección R.75465
Holdings
Estatus retirado Estado de pérdida Estado de daño No para préstamo Biblioteca de origen Biblioteca actual Ubicación en estantería Fecha de adquisición Fuente de adquisición Total de préstamos Signatura topográfica completa Código de barras Visto por última vez Precio de reemplazo Tipo de ítem Koha
        Biblioteca del Ateneo de Madrid Biblioteca del Ateneo de Madrid Depósito 2 17/01/2008     C-37975 1048800 23/02/2023 23/02/2023 Libro impreso